[Event "WTCC-65 2018"]
[Site "Radebeul"]
[Date "2018.07.09"]
[Round "3"]
[White "Kargoll, Herbert"]
[Black "Bernard, Christophe"]
[Result "1-0"]
[WhiteElo "2230"]
[BlackElo "2253"]
[Annotator "NA"]
[PlyCount "160"]
[EventDate "2018.07.07"]
[EventType "team-tourn"]
[EventCountry "GER"]
[SourceTitle "playchess.com"]
[Source "ChessBase"]
[SourceQuality "1"]
[TimeControl "40/5400+30:1800+30"]

1. e4 {[%emt 0:00:00]} c5 {[%emt 0:00:00]} 2. Nf3 {[%emt 0:00:00]} d6 {[%emt 0:00:03]} 3. Bb5+ {[%emt 0:00:00]} Bd7 {[%emt 0:00:26]} 4. Bxd7+ {[%emt 0:00:00]} Qxd7 {[%emt 0:00:11]} 5. c4 {[%emt 0:00:00]} Nf6 {[%emt 0:00:15]} 6. Nc3 {[%emt 0:00:00] LiveBook: 1028 Games} Nc6 {[%emt 0:01:00]} 7. d4 {[%emt 0:01:11]} cxd4 {[%emt 0:00:03]} 8. Nxd4 {[%emt 0:00:07]} e6 {[%emt 0:01:46]} 9. O-O {[%emt 0:03:14]} Be7 {[%emt 0:06:18]} 10. b3 {[%emt 0:00:45]} O-O {[%emt 0:00:13] B52: Sicilian: Moscow Variation with 3...Bd7} 11. Be3 {[%emt 0:09:08]} a6 {[%emt 0:02:00]} (11... Rfd8 12. Qe2 a6 13. Rfd1 Rab8 14. Rac1 b6 15. Nxc6 Qxc6 16. f3 Qb7 17. a4 Rbc8 18. Bd4 Nd7 19. Qf2 Bf8 20. Rb1 Qc7 {½-½ (20) Spasov,V (2546)-Georgiev,K (2626) Palic 2014}) 12. Qe2 {[%emt 0:04:51]} Rab8 {[%emt 0:18:53]} 13. a4 $146 {[%emt 0:03:12]} ({Predecessor:} 13. Rfd1 Rfc8 14. Rac1 b6 15. f4 Qb7 16. Kh1 Nxd4 17. Bxd4 Rc6 18. e5 dxe5 19. fxe5 {0-1 (37) Shabanov,Y (2395)-Gurevich,V (2400) Uzhgorod 1988}) 13... Qc7 {[%emt 0:02:19]} 14. f3 {[%emt 0:18:37]} Nd7 {[%emt 0:03:31]} 15. Rab1 {[%emt 0:05:46]} Bf6 {[%emt 0:05:33]} 16. Qd2 {[%emt 0:00:36]} Rfd8 {[%emt 0:07:10]} 17. Rfc1 {[%emt 0:00:29]} Nxd4 {[%emt 0:01:39]} 18. Bxd4 {[%emt 0:00:10]} Bxd4+ {[%emt 0:01:07]} 19. Qxd4 {[%emt 0:00:05]} Qc5 {[%emt 0:00:11]} 20. Rd1 {[%emt 0:03:16]} Kf8 {[%emt 0:00:08]} 21. Kf1 {[%emt 0:04:43]} Qxd4 {[%emt 0:00:08]} 22. Rxd4 {[%emt 0:00:07]} Ne5 {[%emt 0:00:17]} 23. Ke2 {[%emt 0:06:58]} Ke7 {[%emt 0:00:13]} 24. Rd2 {[%emt 0:07:18]} Rbc8 {[%emt 0:01:38]} 25. f4 {[%emt 0:04:14]} Nc6 {[%emt 0:00:49]} 26. b4 {[%emt 0:00:52]} a5 {[%emt 0:00:32]} 27. bxa5 {[%emt 0:11:33]} Nxa5 {[%emt 0:00:25]} 28. Kd3 {[%emt 0:00:54]} Rd7 {[%emt 0:04:11]} 29. Rb4 {[%emt 0:05:17]} Rdc7 {[%emt 0:01:02]} 30. Nb5 {[%emt 0:03:20]} Rxc4 {[%emt 0:00:26]} 31. Rdb2 {[%emt 0:00:53]} Rxb4 {[%emt 0:05:21]} 32. Rxb4 {[%emt 0:00:00]} Nc6 {[%emt 0:00:18]} 33. Rb2 {[%emt 0:01:01]} Ra8 {[%emt 0:00:05]} 34. Nc3 {[%emt 0:00:08]} Ra7 {[%emt 0:00:02]} 35. Kc4 {[%emt 0:01:35]} Kd7 {[%emt 0:01:36]} 36. Rb6 {[%emt 0:01:15]} Kc7 {[%emt 0:00:53]} 37. Rb2 {[%emt 0:00:16]} Ra6 {[%emt 0:00:37]} 38. Nb5+ {[%emt 0:00:29]} Kd7 {[%emt 0:00:10]} 39. Nc3 {[%emt 0:00:37]} Na5+ {[%emt 0:01:04]} 40. Kb5 {[%emt 0:04:20]} Kc7 {[%emt 0:00:23]} 41. Kb4 {[%emt 0:30:28]} Nc6+ {[%emt 0:30:31]} 42. Kc4 {[%emt 0:00:32]} Ne7 {[%emt 0:05:59]} 43. Rd2 {[%emt 0:00:00]} d5+ {[%emt 0:00:00]} 44. Kb4 {[%emt 0:00:00]} dxe4 {[%emt 0:00:00]} 45. Nxe4 {[%emt 0:00:00]} Nd5+ {[%emt 0:00:00]} 46. Kb3 {[%emt 0:00:00]} Rb6+ {[%emt 0:00:00]} 47. Ka3 {[%emt 0:00:00]} h6 {[%emt 0:00:00]} 48. g3 {[%emt 0:00:00]} Rc6 {[%emt 0:00:00]} 49. Kb3 {[%emt 0:00:00]} f5 {[%emt 0:00:00]} 50. Nf2 {[%emt 0:00:00]} Rc3+ {[%emt 0:00:00]} 51. Kb2 {[%emt 0:00:00]} Rc4 {[%emt 0:00:00]} 52. Kb3 {[%emt 0:00:00]} Rb4+ {[%emt 0:00:00]} 53. Ka3 {[%emt 0:00:00]} Rb1 {[%emt 0:00:00]} 54. Nd3 {[%emt 0:00:00]} b6 {[%emt 0:00:00]} 55. Rc2+ {[%emt 0:00:00]} Kb7 {[%emt 0:00:00]} 56. Ne5 {[%emt 0:00:00]} Re1 {[%emt 0:00:00]} 57. Nc4 {[%emt 0:00:00]} Ka6 {[%emt 0:00:00]} 58. Kb3 {[%emt 0:00:00]} Ne3 {[%emt 0:00:00]} 59. Nxe3 {[%emt 0:03:25]} Rxe3+ {[%emt 0:00:00]} 60. Kb4 {[%emt 0:00:34]} Re4+ {[%emt 0:00:00]} 61. Kb3 {[%emt 0:00:12]} g5 {[%emt 0:00:00]} 62. fxg5 {[%emt 0:01:28]} hxg5 {[%emt 0:00:00]} 63. Rc8 {[%emt 0:00:07]} Re2 {[%emt 0:01:12]} 64. Ra8+ {[%emt 0:01:44]} Kb7 {[%emt 0:00:03]} 65. Rh8 {[%emt 0:00:12]} f4 {[%emt 0:00:17]} 66. gxf4 {[%emt 0:00:29]} gxf4 {[%emt 0:00:01]} 67. Rf8 {[%emt 0:00:55]} e5 {[%emt 0:00:04]} 68. h4 {[%emt 0:00:52]} Kc6 {[%emt 0:01:16]} 69. h5 {[%emt 0:01:21]} Rh2 $2 {[%emt 0:00:20]} 70. Rf6+ {[%emt 0:01:00]} Kd5 {[%emt 0:00:36]} 71. h6 {[%emt 0:00:11]} (71. Rxb6 Rxh5) 71... Rh3+ {[%emt 0:00:14]} 72. Kc2 {[%emt 0:01:29]} Kd4 {[%emt 0:00:16]} 73. Rxb6 {[%emt 0:00:23]} Rh2+ {[%emt 0:00:27]} 74. Kb3 {[%emt 0:00:37]} f3 {[%emt 0:00:03]} 75. Rf6 {[%emt 0:00:12]} e4 {[%emt 0:00:06]} 76. a5 {[%emt 0:00:12]} Ke5 {[%emt 0:02:19]} 77. a6 {[%emt 0:00:57]} Kxf6 {[%emt 0:00:12]} 78. a7 {[%emt 0:00:02]} f2 {[%emt 0:02:19]} 79. a8=Q {[%emt 0:00:11]} Rh3+ $18 {[%emt 0:00:02]} (79... e3 {is a better defense.} 80. Qf3+ Kg6) 80. Kb4 {[%emt 0:00:29]} Rf3 {[%emt 0:00:03]} 1-0

[Event "WTCC-65 2018"]
[Site "Radebeul"]
[Date "2018.07.09"]
[Round "3"]
[White "Oechslein, Rainer"]
[Black "Boidman, Yuri"]
[Result "0-1"]
[WhiteElo "2228"]
[BlackElo "2358"]
[Annotator "NA"]
[PlyCount "60"]
[EventDate "2018.07.07"]
[EventType "team-tourn"]
[EventCountry "GER"]
[SourceTitle "playchess.com"]
[Source "ChessBase"]
[SourceQuality "1"]
[TimeControl "40/5400+30:1800+30"]

1. e4 {[%emt 0:00:00]} d5 {[%emt 0:00:00]} 2. exd5 {[%emt 0:00:00]} Nf6 {[%emt 0:00:03]} 3. d4 {[%emt 0:00:00]} Bg4 {[%emt 0:00:09]} 4. Nf3 {[%emt 0:00:23]} Qxd5 {[%emt 0:00:09] LiveBook: 439 Games} 5. Be2 {[%emt 0:00:21]} Nc6 {[%emt 0:00:16]} 6. h3 {[%emt 0:00:44]} Qh5 {[%emt 0:02:42]} 7. O-O {[%emt 0:01:44]} O-O-O {[%emt 0:00:12]} 8. hxg4 {[%emt 0:06:04]} Nxg4 {[%emt 0:00:09]} 9. Bf4 {[%emt 0:00:05]} Qf5 {[%emt 0:06:13]} 10. Bg3 $18 {[%emt 0:01:26]} h5 {[%emt 0:01:58]} 11. c3 {[%emt 0:07:02]} e5 {[%emt 0:00:59]} 12. Na3 {[%emt 0:26:39]} e4 {[%emt 0:07:48]} 13. Qc2 {[%emt 0:12:47]} Qg6 {[%emt 0:14:10]} 14. Nc4 {[%emt 0:04:06]} f5 {[%emt 0:06:06]} 15. Nh4 {[%emt 0:08:40]} Qe6 {[%emt 0:25:42]} 16. f3 {[%emt 0:01:47]} exf3 {[%emt 0:00:16]} 17. Rxf3 {[%emt 0:03:04]} g6 {[%emt 0:02:05]} 18. Bd3 {[%emt 0:00:54]} Kb8 {[%emt 0:01:53]} 19. Re1 {[%emt 0:01:32]} Qg8 {[%emt 0:00:14]} 20. a4 {[%emt 0:05:10]} Be7 {[%emt 0:01:50]} 21. b4 {[%emt 0:01:15]} Bf6 {[%emt 0:02:12]} 22. b5 {[%emt 0:01:23]} Ne7 {[%emt 0:00:09]} 23. Ne5 {[%emt 0:03:18]} f4 {[%emt 0:03:05]} 24. Nhxg6 {[%emt 0:03:46]} Nxg6 {[%emt 0:04:47]} 25. Nxg6 {[%emt 0:00:21]} fxg3 {[%emt 0:00:47]} 26. Nxh8 {[%emt 0:00:26]} Qxh8 {[%emt 0:00:13]} 27. Rxg3 {[%emt 0:01:48]} Bh4 {[%emt 0:03:48]} 28. Ree3 {[%emt 0:02:11]} Qh6 {[%emt 0:03:58]} 29. Ref3 {[%emt 0:01:15]} Bxg3 {[%emt 0:00:41]} 30. Rxg3 {[%emt 0:00:03]} Qf4 {[%emt 0:00:08]} 0-1

[Event "WTCC-65 2018"]
[Site "Radebeul"]
[Date "2018.07.09"]
[Round "3"]
[White "Nehmert, Ulrich"]
[Black "Sharif, Mehrshad"]
[Result "0-1"]
[WhiteElo "2220"]
[BlackElo "2353"]
[Annotator "NA"]
[PlyCount "68"]
[EventDate "2018.07.07"]
[EventType "team-tourn"]
[EventCountry "GER"]
[SourceTitle "playchess.com"]
[Source "ChessBase"]
[SourceQuality "1"]
[TimeControl "40/5400+30:1800+30"]

1. d4 {[%emt 0:00:00]} d5 {[%emt 0:00:00]} 2. Nf3 {[%emt 0:00:00]} Nf6 {[%emt 0:00:00]} 3. Bf4 {[%emt 0:00:14]} c5 {[%emt 0:00:46]} 4. e3 {[%emt 0:02:33]} Nc6 {[%emt 0:00:40]} 5. c3 {[%emt 0:02:24]} Qb6 {[%emt 0:01:13]} 6. Qb3 {[%emt 0:14:17]} c4 7. Qc2 {[%emt 0:00:02]} Bf5 {[%emt 0:01:31] LiveBook: 423 Games} 8. Qc1 {[%emt 0:00:51]} e6 {[%emt 0:01:01]} 9. h3 {[%emt 0:00:14] D02: Damenbauernspiele} Be7 {[%emt 0:04:48]} 10. Nbd2 {[%emt 0:04:33]} O-O {[%emt 0:00:30]} 11. g4 {[%emt 0:00:30]} Bg6 {[%emt 0:07:54]} 12. Be2 $146 {[%emt 0:03:55]} ({Vorgänger:} 12. Nh4 Be4 13. Rg1 Nd7 14. Nhf3 Bxf3 15. Nxf3 f6 16. Qc2 e5 {1-0 (30) Henriquez Villagra,C (2501)-Del Castilho,M (2239) Aguascalientes 2018}) 12... Rfc8 {[%emt 0:01:27]} 13. Kf1 {[%emt 0:00:30]} Qd8 {[%emt 0:01:39]} 14. Kg2 {[%emt 0:23:35]} b5 {[%emt 0:01:51]} 15. a3 {[%emt 0:01:04]} a5 {[%emt 0:01:46]} 16. Ne5 {[%emt 0:03:27]} ({Besser ist} 16. Nh4 $15) 16... Nxe5 {[%emt 0:03:12]} 17. Bxe5 {[%emt 0:01:17]} b4 {[%emt 0:04:50]} 18. h4 {[%emt 0:03:24]} bxa3 {[%emt 0:04:50]} 19. bxa3 {[%emt 0:00:11]} Bd3 {[%emt 0:02:21]} 20. Qf1 {[%emt 0:01:38]} (20. Bd1 $17) 20... Nxg4 {[%emt 0:05:50]} 21. Bxd3 {[%emt 0:02:06]} cxd3 {[%emt 0:00:31]} 22. Qxd3 {[%emt 0:01:22]} Nxe5 {[%emt 0:02:02]} 23. dxe5 {[%emt 0:00:03]} Qc7 {[%emt 0:00:29]} 24. Nf3 $19 {[%emt 0:06:50]} Qxc3 {[%emt 0:00:45]} 25. Qxc3 {[%emt 0:01:21]} Rxc3 {[%emt 0:00:12]} 26. a4 {[%emt 0:00:03]} Rc4 {[%emt 0:08:58]} 27. h5 {[%emt 0:00:26]} Rb8 {[%emt 0:08:24]} 28. Nd4 {[%emt 0:02:14]} h6 {[%emt 0:01:50]} 29. Rhc1 {[%emt 0:00:35]} Rbc8 {[%emt 0:00:51]} 30. Rxc4 {[%emt 0:01:42]} Rxc4 {[%emt 0:02:17]} 31. Kf3 {[%emt 0:02:28]} Bc5 {[%emt 0:02:33]} 32. Nb5 {[%emt 0:04:07]} Bb4 {[%emt 0:04:57]} 33. Rb1 {[%emt 0:05:18]} Re4 {[%emt 0:06:37]} 34. Nd6 {[%emt 0:05:17]} Rxe5 {[%emt 0:03:04]} 0-1

[Event "WTCC-65 2018"]
[Site "Radebeul"]
[Date "2018.07.09"]
[Round "3"]
[White "Shushpanov, Vladimir"]
[Black "Mueller Clostermann, Bruno"]
[Result "1-0"]
[WhiteElo "2198"]
[BlackElo "2114"]
[Annotator "NA"]
[PlyCount "120"]
[EventDate "2018.07.07"]
[EventType "team-tourn"]
[EventCountry "GER"]
[SourceTitle "playchess.com"]
[Source "ChessBase"]
[SourceQuality "1"]
[TimeControl "40/5400+30:1800+30"]

1. e4 {[%emt 0:00:00]} Nf6 {[%emt 0:00:00]} 2. d3 {[%emt 0:00:00]} e5 {[%emt 0:00:47]} 3. f4 {[%emt 0:00:05]} exf4 {[%emt 0:00:25]} 4. Bxf4 {[%emt 0:00:05]} Nc6 {[%emt 0:00:21]} 5. Nf3 {[%emt 0:02:12]} d5 {[%emt 0:09:19]} 6. e5 {[%emt 0:00:38]} Nh5 {[%emt 0:00:56]} 7. Qd2 {[%emt 0:05:28]} Nxf4 {[%emt 0:05:19]} 8. Qxf4 {[%emt 0:00:05]} Be7 {[%emt 0:00:23]} 9. d4 {[%emt 0:01:15]} g5 {[%emt 0:03:35]} 10. Qe3 {[%emt 0:05:15]} g4 {[%emt 0:01:10]} 11. Nfd2 {[%emt 0:05:49]} Bf5 {[%emt 0:06:48]} 12. Bb5 {[%emt 0:03:03]} O-O {[%emt 0:18:29]} 13. O-O {[%emt 0:04:53]} Bg5 {[%emt 0:02:59]} 14. Qc3 {[%emt 0:02:14]} Ne7 {[%emt 0:03:46]} 15. Nb3 {[%emt 0:06:43]} f6 {[%emt 0:07:10]} 16. N1d2 {[%emt 0:06:09]} c6 {[%emt 0:10:15]} 17. Bd3 {[%emt 0:06:14]} fxe5 {[%emt 0:01:18]} 18. dxe5 {[%emt 0:02:33]} Qb6+ {[%emt 0:00:28]} 19. Kh1 {[%emt 0:00:06]} Bxd3 {[%emt 0:04:16]} 20. cxd3 {[%emt 0:03:44]} Nf5 {[%emt 0:04:07]} 21. d4 Ne3 {[%emt 0:08:28]} 22. Rfe1 {[%emt 0:04:45]} Nf5 {[%emt 0:06:23]} 23. Nc5 {[%emt 0:04:41]} Rfe8 {[%emt 0:01:49]} 24. Qd3 {[%emt 0:03:04]} Ng7 {[%emt 0:00:24]} 25. Ndb3 {[%emt 0:01:20]} Re7 {[%emt 0:01:01]} 26. Rf1 {[%emt 0:00:30]} a5 {[%emt 0:00:21]} 27. Qg3 {[%emt 0:01:34]} h5 {[%emt 0:00:50]} 28. h4 {[%emt 0:00:30]} a4 {[%emt 0:00:02]} 29. hxg5 {[%emt 0:02:50]} axb3 30. axb3 {[%emt 0:00:03]} Rxa1 {[%emt 0:02:21]} 31. Rxa1 {[%emt 0:01:09]} Qd8 {[%emt 0:00:46]} 32. Rf1 {[%emt 0:01:03]} b6 {[%emt 0:00:29]} 33. Nd3 {[%emt 0:00:56]} Ne6 {[%emt 0:00:38]} 34. Rf6 {[%emt 0:03:30]} Qe8 {[%emt 0:00:22]} 35. Qe3 {[%emt 0:05:11]} Rg7 {[%emt 0:00:43]} 36. Nb4 {[%emt 0:00:12]} Nxg5 {[%emt 0:00:28]} 37. Nxc6 {[%emt 0:03:37]} Ne4 {[%emt 0:00:49]} 38. Rh6 {[%emt 0:02:28]} Qf8 {[%emt 0:00:20]} 39. Kg1 g3 40. e6 {[%emt 0:02:55]} Qe8 {[%emt 0:01:24]} 41. e7 {[%emt 0:31:28]} Rg6 {[%emt 0:16:19]} 42. Qf4 {[%emt 0:00:00]} Rxh6 {[%emt 0:02:15]} 43. Qxh6 {[%emt 0:00:00]} Qf7 {[%emt 0:00:37]} 44. Qe3 {[%emt 0:00:00]} Qf2+ {[%emt 0:04:17]} 45. Qxf2 {[%emt 0:00:00]} gxf2+ {[%emt 0:00:04]} 46. Kf1 {[%emt 0:00:00]} Kf7 {[%emt 0:00:16]} 47. Nb4 {[%emt 0:00:00]} Kxe7 {[%emt 0:01:27]} 48. Nxd5+ {[%emt 0:00:00]} Ke6 {[%emt 0:02:24]} 49. Nc3 {[%emt 0:00:00]} Nd2+ {[%emt 0:00:26]} 50. Kxf2 {[%emt 0:00:00]} Nxb3 {[%emt 0:00:14]} 51. Ke3 {[%emt 0:00:00]} Na5 {[%emt 0:00:25]} 52. Kf4 {[%emt 0:00:00]} Nc4 {[%emt 0:01:10]} 53. b4 {[%emt 0:00:00]} Kf6 {[%emt 0:00:39]} 54. Nd5+ {[%emt 0:00:00]} Kg6 {[%emt 0:01:09]} 55. Ne3 {[%emt 0:00:00]} Nd6 {[%emt 0:00:26]} 56. Ke5 {[%emt 0:00:00]} Nf7+ {[%emt 0:00:31]} 57. Ke6 {[%emt 0:00:00]} Ng5+ {[%emt 0:00:59]} 58. Ke7 {[%emt 0:00:00]} h4 {[%emt 0:02:26]} 59. d5 {[%emt 0:00:00]} Nf7 {[%emt 0:00:19]} 60. d6 {[%emt 0:00:00]} Ne5 {[%emt 0:00:16] Kf6+ Kxf6} 1-0

[Event "WTCC-65 2018"]
[Site "Radebeul"]
[Date "2018.07.09"]
[Round "3"]
[White "Ulrichsen, Jarl Henning"]
[Black "Berry, Stephen H"]
[Result "1/2-1/2"]
[WhiteElo "2196"]
[BlackElo "2298"]
[Annotator "NA"]
[PlyCount "49"]
[EventDate "2018.07.07"]
[EventType "team-tourn"]
[EventCountry "GER"]
[SourceTitle "playchess.com"]
[Source "ChessBase"]
[SourceQuality "1"]
[TimeControl "40/5400+30:1800+30"]

1. c4 {[%emt 0:00:00]} e5 {[%emt 0:00:16]} 2. Nc3 {[%emt 0:00:54]} d6 {[%emt 0:00:11]} 3. e3 {[%emt 0:03:39]} f5 {[%emt 0:02:54]} 4. d3 {[%emt 0:02:14]} Nf6 {[%emt 0:00:20]} 5. g3 {[%emt 0:01:15]} Be7 {[%emt 0:00:14]} 6. Bg2 {[%emt 0:00:16]} O-O {[%emt 0:00:14]} 7. Nge2 {[%emt 0:00:48]} c6 {[%emt 0:01:43]} 8. O-O {[%emt 0:04:49] LiveBook: 48 Partien} Be6 {[%emt 0:01:20]} 9. b3 {[%emt 0:01:34]} Nbd7 {[%emt 0:02:55] A21: English Opening: 1...e5 2 Nc3} 10. d4 {[%emt 0:06:51]} (10. f4 Ng4 11. h3 Ngf6 12. fxe5 Nxe5 13. d4 Nf7 14. d5 Bd7 15. Nd4 Qc8 16. dxc6 bxc6 17. Qc2 {0-1 (39) Sivuk,V (2566)-Deepan Chakkravarthy,J (2478) Chennai 2016}) 10... Bf7 {[%emt 0:15:12]} 11. dxe5 $146 {[%emt 0:09:07]} ({Predecessor:} 11. d5 Qc7 12. Bb2 Nc5 13. dxc6 bxc6 14. Qc2 Bg6 15. f4 Rab8 16. Rad1 Ng4 17. Bc1 {½-½ (34) Van Deursen,P (2027)-Lovholt,T (1949) Chessfriend.com 2005}) 11... dxe5 {[%emt 0:00:48]} 12. e4 {[%emt 0:00:34]} fxe4 {[%emt 0:04:01]} 13. Nxe4 {[%emt 0:21:00]} Nxe4 {[%emt 0:00:55]} 14. Bxe4 {[%emt 0:00:06]} Nc5 {[%emt 0:01:07]} 15. Qxd8 {[%emt 0:07:31]} Raxd8 {[%emt 0:00:11]} 16. Nc3 {[%emt 0:12:46]} Nxe4 {[%emt 0:05:40]} 17. Nxe4 {[%emt 0:00:11]} Bg6 {[%emt 0:06:57]} 18. Bg5 {[%emt 0:04:51]} Bxg5 {[%emt 0:04:48]} 19. Nxg5 {[%emt 0:00:06]} Rd2 $15 {[%emt 0:02:06]} 20. f4 {[%emt 0:06:26]} exf4 {[%emt 0:04:25]} 21. Ne6 {[%emt 0:05:25]} Be4 {[%emt 0:11:07]} 22. Nxf4 {[%emt 0:00:11]} g5 {[%emt 0:12:39]} 23. Rae1 {[%emt 0:02:46]} Rxf4 {[%emt 0:01:28]} 24. gxf4 {[%emt 0:03:17]} Rg2+ {[%emt 0:00:08]} 25. Kh1 1/2-1/2

[Event "WTCC-65 2018"]
[Site "Radebeul"]
[Date "2018.07.09"]
[Round "3"]
[White "Rosen, Willy"]
[Black "Faibisovich, Vadim Z"]
[Result "1/2-1/2"]
[WhiteElo "2161"]
[BlackElo "2312"]
[Annotator "NA"]
[PlyCount "82"]
[EventDate "2018.07.07"]
[EventType "team-tourn"]
[EventCountry "GER"]
[SourceTitle "playchess.com"]
[Source "ChessBase"]
[SourceQuality "1"]
[TimeControl "40/5400+30:1800+30"]

1. e4 {[%emt 0:00:05]} c5 {[%emt 0:00:00]} 2. Nc3 {[%emt 0:00:09]} Nc6 {[%emt 0:00:41]} 3. f4 {[%emt 0:00:07]} g6 {[%emt 0:04:23]} 4. Nf3 {[%emt 0:00:00]} Bg7 {[%emt 0:00:18]} 5. Bb5 {[%emt 0:00:01]} Nd4 6. O-O {[%emt 0:00:07]} Nxb5 {[%emt 0:08:55]} 7. Nxb5 d6 8. d3 {[%emt 0:01:02]} Nf6 {[%emt 0:03:33]} 9. Nc3 {[%emt 0:00:42]} O-O {[%emt 0:07:11] B23: Closed Sicilian: Lines without g3} 10. Qe1 {[%emt 0:00:56]} e6 {[%emt 0:09:55]} (10... Ne8) 11. Qh4 {[%emt 0:06:16]} Nh5 {[%emt 0:07:55]} 12. g4 {[%emt 0:09:56]} Qxh4 {[%emt 0:00:52]} 13. Nxh4 {[%emt 0:00:01]} Nf6 {[%emt 0:05:38]} 14. g5 $146 {[%emt 0:02:15]} ({Predecessor:} 14. h3 Ne8 15. f5 Bf6 16. g5 Bxc3 17. bxc3 exf5 18. exf5 {½-½ (48) Kelly,P (1857)-Bevan,P (1999) Cardiff 2016}) 14... Nh5 {[%emt 0:04:37]} 15. f5 {[%emt 0:06:16]} Be5 {[%emt 0:04:08]} 16. f6 {[%emt 0:01:36]} Bd7 {[%emt 0:04:35]} 17. Ne2 {[%emt 0:06:46]} d5 {[%emt 0:04:21]} 18. Nf3 {[%emt 0:02:11]} Bc7 {[%emt 0:00:30]} 19. e5 {[%emt 0:01:04]} d4 {[%emt 0:02:33]} 20. Ng3 {[%emt 0:06:17]} Nxg3 {[%emt 0:02:57]} 21. hxg3 {[%emt 0:00:15]} Bc6 {[%emt 0:00:10]} 22. Bf4 {[%emt 0:00:33]} Bxf3 {[%emt 0:11:35]} 23. Rxf3 {[%emt 0:00:09]} h5 {[%emt 0:03:17]} 24. gxh6 {[%emt 0:04:40]} Kh7 {[%emt 0:01:11]} 25. Re1 {[%emt 0:01:56]} Rad8 {[%emt 0:00:36]} 26. g4 {[%emt 0:00:22]} g5 {[%emt 0:00:42]} 27. Bg3 $11 {[%emt 0:06:36]} Kg6 {[%emt 0:04:07]} 28. Rf2 {[%emt 0:00:16]} Rh8 {[%emt 0:00:20]} 29. Rh2 {[%emt 0:00:08]} Rxh6 {[%emt 0:03:05]} 30. Rxh6+ {[%emt 0:00:15]} Kxh6 {[%emt 0:00:07]} 31. Kf2 {[%emt 0:00:10]} Kg6 {[%emt 0:00:14]} 32. Kf3 {[%emt 0:01:01]} Rh8 {[%emt 0:00:29]} 33. Ke4 {[%emt 0:10:37]} Rh3 {[%emt 0:00:20]} 34. Rg1 {[%emt 0:00:09]} Ba5 {[%emt 0:01:19]} 35. Kf3 {[%emt 0:03:57]} Bd2 {[%emt 0:01:09]} 36. Kg2 {[%emt 0:00:17]} Rh8 {[%emt 0:00:59]} 37. Rh1 {[%emt 0:00:52]} Rxh1 {[%emt 0:00:37]} 38. Kxh1 {[%emt 0:00:01]} Bc1 {[%emt 0:01:00]} 39. b3 {[%emt 0:00:09]} b5 {[%emt 0:03:20]} 40. Kg2 {[%emt 0:03:54]} b4 {[%emt 0:00:43]} 41. Kf3 {[%emt 0:30:33]} Kh7 {[%emt 0:30:34]} 1/2-1/2

[Event "WTCC-65 2018"]
[Site "Radebeul"]
[Date "2018.07.09"]
[Round "3"]
[White "Hammar, Bengt Erik"]
[Black "Rashkovsky, Nukhim N"]
[Result "1/2-1/2"]
[WhiteElo "2159"]
[BlackElo "2483"]
[Annotator "TA"]
[PlyCount "38"]
[EventDate "2018.07.07"]
[EventType "team-tourn"]
[EventCountry "GER"]
[SourceTitle "playchess.com"]
[Source "ChessBase"]
[SourceQuality "1"]

{[%evp 22,38,58,33,42,28,54,6,14,18,20,16,16,25,23,18,23,18,27]} 1. e4 c5 2. Nf3 a6 3. c4 d6 4. d4 cxd4 5. Nxd4 Nf6 6. Nc3 g6 7. Be2 Bg7 8. O-O O-O 9. Be3 Nc6 10. f3 Rb8 11. Qd2 Bd7 12. Rac1 {LiveBook: 6 Games} Nxd4 {B38: Sicilian: Maroczy Bind with 5...Bg7 and 7...0-0} 13. Bxd4 b5 14. Nd5 Nxd5 15. cxd5 a5 $146 ({Predecessor:} 15... Bxd4+ 16. Qxd4 Qa5 17. Qa7 Rfd8 18. Rc2 Ra8 {½-½ (18) Dalinger,V (2292)-Weiss,M (2046) Germany 2007}) 16. Bxg7 Kxg7 17. Qd4+ Kg8 18. f4 b4 19. h4 f6 1/2-1/2

[Event "WTCC-65 2018"]
[Site "Radebeul"]
[Date "2018.07.09"]
[Round "3"]
[White "Sprotte, Norbert"]
[Black "Buchal, Stephan"]
[Result "1/2-1/2"]
[WhiteElo "2143"]
[BlackElo "2329"]
[Annotator "NA"]
[PlyCount "40"]
[EventDate "2018.07.07"]
[EventType "team-tourn"]
[EventCountry "GER"]
[SourceTitle "playchess.com"]
[Source "ChessBase"]
[SourceQuality "1"]
[TimeControl "40/5400+30:1800+30"]

1. d4 {[%emt 0:00:00]} d6 {[%emt 0:00:00]} 2. e4 {[%emt 0:00:03]} g6 {[%emt 0:00:10]} 3. Nc3 {[%emt 0:00:18]} Bg7 {[%emt 0:00:14]} 4. h3 {[%emt 0:00:57]} Nf6 {[%emt 0:01:08]} 5. Nf3 {[%emt 0:00:40]} O-O {[%emt 0:00:14]} 6. Be3 {[%emt 0:01:07]} c6 {[%emt 0:02:15]} 7. a4 {[%emt 0:01:59]} Qc7 {[%emt 0:01:25]} 8. Be2 {[%emt 0:03:17]} e5 {[%emt 0:01:26] LiveBook: 15 Games} 9. dxe5 {[%emt 0:07:07]} dxe5 {[%emt 0:00:16]} 10. O-O {[%emt 0:00:29] B08: Pirc Defence: Classical System} b6 {[%emt 0:08:50]} (10... Nh5 11. Bc4 Nf4 12. Qb1 Qe7 13. Kh2 Qf6 14. Ng1 h5 15. b4 Nd7 16. a5 Re8 17. b5 Bf8 18. a6 Nc5 {0-1 (40) Jurcik,M (2473)-Matlakov,M (2707) Batumi 2018}) 11. Qc1 {[%emt 0:06:17]} Bb7 $146 {[%emt 0:04:10]} ({Predecessor:} 11... Ba6 12. Bxa6 Nxa6 13. Bh6 Nc5 14. Bxg7 Kxg7 15. Qg5 Nfd7 16. Rad1 {½-½ (92) Olsarova,K (2189)-Rakic,M (2270) Gaziantep 2012}) 12. Bh6 {[%emt 0:08:31]} Nbd7 {[%emt 0:01:15]} 13. Bxg7 {[%emt 0:08:37]} Kxg7 {[%emt 0:00:14]} 14. Qe3 {[%emt 0:01:19]} a6 {[%emt 0:12:52]} 15. Nd2 {[%emt 0:06:50]} b5 {[%emt 0:03:09]} 16. Bg4 {[%emt 0:11:50]} Nxg4 {[%emt 0:19:00]} 17. hxg4 {[%emt 0:00:06]} Rad8 {[%emt 0:02:28]} 18. Rfd1 {[%emt 0:05:14]} b4 {[%emt 0:11:34]} 19. Ne2 $14 {[%emt 0:01:03]} a5 {[%emt 0:04:26]} 20. Ng3 {[%emt 0:02:35]} Ba6 {[%emt 0:09:18]} 1/2-1/2